Entry Nombre personal
001 - NÚMERO DE CONTROL
- campo de control: 239313
003 - IDENTIFICADOR DE NÚMERO DE CONTROL
- campo de control: SpMaBN
005 - FECHA Y HORA DE LA ÚLTIMA TRANSACCIÓN
- campo de control: 20250831040746.0
008 - ELEMENTOS DE DATO DE LONGITUD-FIJA
- campo de control de longitud fija: 901120nn aijnnaabn a aaa ||
016 ## - NÚMERO DE CONTROL DE UNA AGENCIA BIBLIOGRÁFICA NACIONAL
- Número de control del registro: BNE19900039507
024 7# - IDENTIFICADOR DE OTROS ESTÁNDARES
- Número estándar o código: http://www.wikidata.org/entity/Q11037295
- Fuente: wikidata
024 7# - IDENTIFICADOR DE OTROS ESTÁNDARES
- Número estándar o código: http://viaf.org/viaf/36944406/
- Fuente: viaf
024 7# - IDENTIFICADOR DE OTROS ESTÁNDARES
- Número estándar o código: https://isni.org/isni/0000000081153201
- Fuente: isni
040 ## - FUENTE DE CATALOGACIÓN
- Centro catalogador/agencia de origen: SpMaBN
- Lengua de catalogación: spa
- Centro/agencia transcriptor: SpMaBN
- Normas de descripción: rdc
- Convención/Normas de encabezamiento de materia/tesauro: embne
046 ## - FECHAS CON CODIFICACIÓN ESPECIAL
- Fecha de nacimiento: 1936
100 1# - ENCABEZAMIENTO-NOMBRE DE PERSONA
- Nombre de persona: Escudero, José Antonio,
- Fechas asociadas al nombre: 1936-
370 ## - LUGAR ASOCIADO
- Lugar de nacimiento: Barbastro
- Número de control del registro de autoridad o número normalizado: XX450577
- Fuente de información: Wikidata
372 ## - CAMPO DE ACTIVIDAD
- Campo de actividad: Historia del Derecho y de las Instituciones
- Fuente de información: (Dialnet)
373 ## - GRUPO ASOCIADO
- Grupo asociado: Real Academia de Jurisprudencia y Legislación
- Grupo asociado: Real Academia de la Historia
- Fuente de información: Wikidata
374 ## - OCUPACIÓN
- Ocupación: Escritores
- Ocupación: Historiadores
- Ocupación: Jurista
- Ocupación: Politicos
- Fuente de información: Wikidata
375 ## - GÉNERO/SEXO
- Género: Masculino
- Fuente de información: Wikidata
377 ## - IDIOMA ASOCIADO
- Término de lengua/lenguaje: Español
400 1# - TRAZADO DE VÉASE--NOMBRE DE PERSONA
- Nombre de persona: Escudero López, José Antonio,
- Fechas asociadas al nombre: 1936-
670 ## - FUENTE DE DATOS ENCONTRADOS
- Cita de la fuente: Los secretarios de estado y del despacho (1474-1724), 1976
- Información encontrada: port. (José Antonio Escudero)
670 ## - FUENTE DE DATOS ENCONTRADOS
- Cita de la fuente: La Real Junta Consultiva de Gobierno (1825), 1997
- Información encontrada: port. (José Antonio Escudero)
670 ## - FUENTE DE DATOS ENCONTRADOS
- Cita de la fuente: Dir. Univ. Complutense, 1996
- Información encontrada: (Escudero López, José Antonio; cat. de Historia del Derecho y de las Instituciones)
670 ## - FUENTE DE DATOS ENCONTRADOS
- Cita de la fuente: WWW RAH, 27-9-2012
- Información encontrada: (Escudero López, José Antonio; 12-10-1936 en Barbastro, Huesca; Académico de la Real Academia de la Historia)
856 4# - LOCALIZACIÓN Y ACCESO ELECTRÓNICOS
- Identificador Uniforme de Recursos: http://dialnet.unirioja.es/servlet/autor?codigo=130620
